Statistics for Every Kanye West Album

Click here to take the quiz!

General Stats

  • This quiz has been taken 20 times
  • The average score is 12 of 14

Answer Stats

Country% Correct
Late Registration
95%
The College Dropout
95%
Graduation
89%
808s & Heartbreak
84%
Donda
84%
My Beautiful Dark Twisted Fantasy
84%
The Life Of Pablo
84%
Watch The Throne
84%
ye
84%
Kids See Ghosts
79%
Vultures 1
79%
Yeezus
79%
Jesus Is King
74%
Donda 2
68%

Score Distribution

Percentile by Number Answered

Percent of People with Each Score

Your Score History

You have not taken this quiz